000 00371nam a2200121 4500
999 _c10421
_d10421
008 180829b ||||| |||| 00| 0 eng d
100 _930597
_aCañedo, Karina V.
245 _aNo moral, legal issue on same sex marriage, say/
_cKarina V. Cañedo
260 _aDavao City
_bSun Star Davao
_cc2016
300 _apage 2.
650 0 _930598
_aHomosexuality.
942 _2ddc
_cPER